000 01614nam a2200457 c 4500
001 53039
003 ES-MaCES
005 20250203132935.0
007 cr |||||||||||
008 240205s2023 sp 000 ||spa d
017 _aNA 943-2023
_bDL
020 _a9788413917368
020 _a9788413917382 (electrónico)
040 _aES-MaCES
_bspa
_cES-MaCES
100 1 _940077
_aRuiz Santamaría, José Luis
245 1 3 _aEl sistema de pensiones español en una sociedad en constante transformación
_b: un estudio desde una perspectiva holística y comparada
_cJosé Luis Ruiz Santamaría
250 _a1ª ed
260 _aCizur Menor (Navarra)
_bAranzadi
_c2023
300 _a185 p.
_c24 cm
500 _aPublicación en formato DÚO (papel + libro ectrónico)
504 _aBibliografía: p. 167-185
541 _cCompra
650 0 4 _arégimen de pensión
_927042
650 0 4 _aprestaciones de vejez
_927041
650 0 4 _aseguridad social
_927034
650 0 4 _aadministración de la seguridad social
_930264
650 0 4 _areforma de la seguridad social
_930668
650 0 4 _adiscriminación por razones de sexo
_929521
650 0 4 _acambio tecnológico
_928236
650 0 4 _arobot industrial
_929509
650 0 4 _aevaluación del impacto
_930732
650 4 _aEspaña
_926964
650 4 _aUE
_926752
650 4 _ainternacional
_926674
650 4 _acomparación
_928892
650 4 _acampo de aplicación
_930263
653 1 0 _aSeguridad Social
856 4 _uhttps://miespacio.aranzadilaley.es/Account/Login
_yARANZADI
902 _aLIB Libro
942 _2CES
_cBK
_h3.0.
999 _c53039
_d53039